Vista normal
Vista MARC
Entrada Materia (personas)
Número de registros utilizados en: 2
001 - CONTROL NUMBER
- control field: 133764
003 - CONTROL NUMBER IDENTIFIER
- control field: Co-BoUCM
005 - DATE AND TIME OF LATEST TRANSACTION
- control field: 20211020111822.0
008 - FIXED-LENGTH DATA ELEMENTS
- fixed length control field: 211020|| aca||aabn | a|a d
040 ## - CATALOGING SOURCE
- Original cataloging agency: Co-BoUCM
- Transcribing agency: Co-BoUCM
100 ## - HEADING--PERSONAL NAME
- Personal name: Mattelart, Michèle
670 ## - SOURCE DATA FOUND
- Source citation: Work cat.: (Co-BoUCM)54598: Mattelart, Armand 119857, Los medios de comunicación en tiempos de crisis, 2003